000 00488nam a2200193Ia 4500
005 20240111093934.0
008 140110s9999 xx 000 0 und d
020 _a9788175413252
_cRs.650.00
040 _aLoreto College
041 _aEnglish
082 _a370
_bAGG
100 _aAggarwal,J.C.
245 _aBasic Ideas in Education,
_cJ.C.Aggarwal
260 _aDelhi
_bShipra Publications
_c2009
300 _axii,236p
650 _aEducation
850 _aLCLIB
942 _cBK
999 _c37501
_d87980